000 00539nam a22001697a 4500
999 _c10782
_d10782
003 FranzMayer
005 20191004123004.0
008 191004b ||||| |||| 00| 0 eng d
040 _cFranz
245 _aDeiparae Virgini Mariae. Dei patris, filiae. Dei filii, matri spiritus sancti, sponsae.
246 _aAlphabeto Jurídico, Canónico y Civil por Don Gil de Castejón
260 _c1677-78(?)
300 _a727 p.
500 _aEstado físico : En mal estado, separado para restauración
500 _aCO-54
942 _2lcc
_cB